[Event "ICS Rated blitz match"]
[Site "204.178.125.65"]
[Date "1999.08.17"]
[Round "?"]
[White "matar"]
[Black "Hossa"]
[Result "1-0"]
[WhiteElo "2159"]
[BlackElo "2432"]
[Annotator "Fritz 5.32 (15s)"]
[PlyCount "66"]
[EventDate "1999.??.??"]

1. e4 1... e5 {Opening = C70 - 4.Ba4 ---} 2. Nf3 Nc6 3. Bb5 a6 4. Ba4 b5 5. Bb3
Bc5 6. c3 Nf6 (6... Bb6 7. d4 exd4 8. cxd4 h6 9. a4 b4 10. a5 Ba7 11. d5 Nce7
12. e5 d6 13. O-O Ng6 14. e6 N8e7 15. exf7+ Kxf7 16. Nd4 Bxd4 17. Qxd4 Rb8 18.
Ra4 Nf5 19. Qd2 Qf6 20. Rxb4 Rxb4 21. Qxb4 Nd4 22. Bd1 Nh4 23. Qc3 Re8 24. Bh5+
g6 25. Bd1 Nb5 26. Qxf6+ Kxf6 27. g3 Nf5 28. Nc3 28... Bd7 {
- Rantanen,Y-Khaled,F/Novi Sad 1990/TD (28)}) 7. d4 exd4 8. cxd4 (8. e5 dxc3 9.
exf6 Qxf6 10. Nxc3 O-O 11. O-O d6 12. Ne4 Qg6 13. Nxc5 dxc5 14. Bc2 Qh5 15. Be4
Bb7 16. Qc2 Rfe8 17. Qb1 Rad8 18. Be3 g6 19. Ng5 h6 20. Bf3 Qh4 21. g3 Qc4 22.
Ne4 Kg7 23. Rc1 Qd3 24. Qxd3 Rxd3 25. Nxc5 Rdxe3 26. fxe3 Rxe3 27. Nxb7 Nd4 28.
Bg2 Ne2+ 29. Kf2 Nxc1 30. Kxe3 {1-0 Pavlovic,Z-Smole,T/Kranj 1996/EXT 98 (30)})
8... Bb4+ 9. Nc3 $15 (9. Bd2 $5 {ist eine gute Alternative} 9... Nxe4 10. Bxb4
Nxb4 11. Bxf7+ Kxf7 12. Qb3+ d5 13. Qxb4 $11) 9... Nxe4 10. O-O Bxc3 11. bxc3 {
Sichert b4} 11... O-O 12. Re1 12... Nxc3 $4 $18 {gibt den Vorteil aus der Hand}
(12... d5 $15 $142 {war notwendig}) 13. Qd3 Nxa2 14. Bc2 $4 $14 {
danach kann Weiss alle Traeume begraben} (14. Bg5 $142 {
Weiss haette nun das bessere Spiel} 14... Nab4 15. Qc3 $18) 14... g6 15. Rxa2
Nb4 16. Qb3 c5 (16... Nxa2 $2 {ist nicht spielbar} 17. Bg5 $1 {
das war die Absicht} 17... Nc1 18. Rxc1 $18) 17. dxc5 Nxa2 18. Qxa2 18... Qc7
$4 $18 (18... Re8 $142 {ist die einzige Rettung} 19. Rxe8+ 19... Qxe8 $16) 19.
Bh6 {Weiss droht stark Qb2} 19... Qxc5 (19... d5 {
ist vielleicht noch ein Schwindelversuch} 20. Bxf8 20... Bf5 $18) 20. Bb3 {
Mit der Mattdrohung Bxf7} (20. Bxf8 $6 {waere hingegen schwach, denn} 20...
Qxf8 21. Ne5 d5 22. Qxd5 22... Be6 $16) 20... d5 21. Qb2 {Droht Matt: Qg7} (21.
Bxf8 $6 {waere weniger gut} 21... Qxf8 22. Bxd5 22... Ra7 $18) 21... f6 22.
Bxf8 {Es droht Matt} 22... Qc6 (22... Qxf8 {nuetzt auch nichts mehr} 23. Bxd5+
Kg7 24. Bxa8 $18) 23. Bh6 {Mit der Mattdrohung Bxd5} 23... Bb7 24. Re7 Rf8 25.
h3 Bc8 26. Nd4 {Es droht Matt} 26... Qd6 27. Bxf8 (27. Qe2 Bd7 28. Bxd5+ Qxd5
29. Rg7+ Kh8 30. Qe7 Qxg2+ 31. Kxg2 Bc6+ 32. Nxc6 Rc8 33. Rxh7+ Kg8 34. Qg7#)
27... Kxf8 28. Re1 (28. Ra7 {ginge schneller} 28... Bd7 $18) 28... Kg7 (28...
Bd7 {kann das Vorangegangene nicht ungeschehen machen} 29. Ne6+ Kf7 30. Nc7 $18
) 29. Qc1 Bd7 30. Qe3 Kf8 (30... Qe5 {aendert nichts am Ausgang der Partie} 31.
Qxe5 fxe5 32. Rxe5 $18) 31. Qh6+ Kg8 32. g3 (32. Bxd5+ {
laesst dem Gegner kaum Chancen} 32... Qxd5 33. Re7 Qf7 34. Rxf7 Kxf7 35. Qxh7+
Ke8 36. Qxg6+ Ke7 37. Qe4+ 37... Kd6 $18) 32... f5 33. Qf4 $18 (33. Nxf5 gxf5
34. Qxd6 Be6 35. Qxe6+ Kg7 36. Qe7+ Kg8 37. Bxd5+ Kh8 38. Qf6#) 33... Qxf4 1-0

[Event "ICS rated blitz match"]
[Site "204.178.125.65"]
[Date "1999.08.17"]
[Round "?"]
[White "Hossa"]
[Black "matar"]
[Result "1-0"]
[WhiteElo "2406"]
[BlackElo "2185"]
[Annotator "Fritz 5.32 (15s)"]
[PlyCount "43"]
[EventDate "1999.??.??"]

1. e4 1... c5 {Opening = B27 - 2.Nf3 ---} 2. Nf3 e5 3. Nxe5 3... Qe7 $146 (3...
Qf6 4. Nf3 d6 5. Nc3 Bg4 6. Be2 Ne7 7. d3 h6 8. Nb5 Nbc6 9. Nc7+ Kd8 10. Nxa8
Ng6 11. h3 Bd7 12. c3 Kc8 13. O-O Kb8 14. d4 Be7 15. dxc5 Rd8 16. Nb6 axb6 17.
cxb6 Nf4 18. Bxf4 {Jonas,U-Hermann,H/Ulm 1995/EXT 97/1-0 (35)}) (3... Nc6 4.
Qh5 Nf6 5. Qxf7# {1-0 Lindenberg,G-Bassett,B/AUS-ch U12 1995/EXT 98 (5)}) 4. d4
4... cxd4 $16 (4... f6 $5 5. Nf3 Qxe4+ 6. Be3 6... cxd4 $14) 5. Qxd4 f6 6. Nc4
Nc6 7. Qe3 b5 8. Nca3 a6 9. Bd2 $16 (9. Nc3 9... Nb4 $16) 9... Bb7 10. Be2 Ne5
11. f4 Ng6 12. f5 $14 {Raumvorteil} (12. Bd3 f5 13. exf5 13... Bxg2 $14) 12...
Ne5 13. O-O Nh6 14. Bh5+ $11 (14. Re1 Rc8 15. Kh1 15... d5 $16) 14... g6 15.
Be2 15... gxf5 $14 (15... d5 16. Qh3 Qc5+ 17. Rf2 $16) 16. Qh3 Neg4 17. Qh5+
$11 (17. Bxh6 Nxh6 18. Bh5+ Kd8 19. exf5 Qc5+ 20. Kh1 20... b4 $17) 17... Kd8
18. Bxh6 (18. Bxg4 Nxg4 19. Qxf5 19... Rg8 $11) 18... Qc5+ 19. Kh1 19... Nf2+
$14 (19... Nxh6 20. exf5 20... b4 $17) 20. Rxf2 Qxf2 21. Nd2 $11 (21. Nc3 $5
21... Bxa3 22. bxa3 $16) 21... Rg8 $18 (21... Bxh6 $142 {
sieht noch spielbar aus} 22. Qxh6 Qxe2 23. Qxf6+ Kc7 24. Qe5+ d6 25. Qg7+ Kc6
26. Qc3+ Kd7 27. Qg7+ Kc6 28. Qc3+ Kd7 29. Qg7+ 29... Kc6 $11) 22. Bf3 (22. Bf3
Bxa3 23. Rf1 $18) 1-0

[Event "ICS rated blitz match"]
[Site "204.178.125.65"]
[Date "1999.08.17"]
[Round "?"]
[White "matar"]
[Black "Hossa"]
[Result "1-0"]
[WhiteElo "2178"]
[BlackElo "2413"]
[Annotator "Fritz 5.32 (15s)"]
[PlyCount "64"]
[EventDate "1999.??.??"]

1. e4 1... e5 {Opening = C70 - 4.Ba4 ---} 2. Nf3 Nc6 3. Bb5 a6 4. Ba4 b5 5. Bb3
Bc5 6. c3 Nf6 (6... Bb6 7. d4 exd4 8. cxd4 h6 9. a4 b4 10. a5 Ba7 11. d5 Nce7
12. e5 d6 13. O-O Ng6 14. e6 N8e7 15. exf7+ Kxf7 16. Nd4 Bxd4 17. Qxd4 Rb8 18.
Ra4 Nf5 19. Qd2 Qf6 20. Rxb4 Rxb4 21. Qxb4 Nd4 22. Bd1 Nh4 23. Qc3 Re8 24. Bh5+
g6 25. Bd1 Nb5 26. Qxf6+ Kxf6 27. g3 Nf5 28. Nc3 28... Bd7 {
- Rantanen,Y-Khaled,F/Novi Sad 1990/TD (28)}) 7. d4 exd4 8. cxd4 (8. e5 dxc3 9.
exf6 Qxf6 10. Nxc3 O-O 11. O-O d6 12. Ne4 Qg6 13. Nxc5 dxc5 14. Bc2 Qh5 15. Be4
Bb7 16. Qc2 Rfe8 17. Qb1 Rad8 18. Be3 g6 19. Ng5 h6 20. Bf3 Qh4 21. g3 Qc4 22.
Ne4 Kg7 23. Rc1 Qd3 24. Qxd3 Rxd3 25. Nxc5 Rdxe3 26. fxe3 Rxe3 27. Nxb7 Nd4 28.
Bg2 Ne2+ 29. Kf2 Nxc1 30. Kxe3 {1-0 Pavlovic,Z-Smole,T/Kranj 1996/EXT 98 (30)})
8... Bb4+ 9. Nc3 $15 (9. Bd2 $5 {kam sehr in Betracht} 9... Nxe4 10. Bxb4 Nxb4
11. Bxf7+ Kxf7 12. Qb3+ d5 13. Qxb4 $11) 9... Nxe4 10. O-O {
Weiss haelt das Heft fest in der Hand} 10... Bxc3 11. bxc3 {Staerkt b4} 11...
O-O 12. Re1 12... Nxc3 $4 $18 {danach kann Schwarz alle Traeume begraben} (
12... d5 $15 $142 {war noch moeglich}) 13. Qd3 Nxa2 14. Bc2 $4 $14 {
wirft den Vorteil weg} (14. Bg5 $142 {nun kommt Weiss in Vorteil} 14... Nab4
15. Qc3 $18) 14... g6 15. Rxa2 Nb4 16. Qb3 c5 (16... Nxa2 $2 {uebersieht} 17.
Bg5 $1 {macht alles klar} 17... Nc1 18. Rxc1 $18) 17. dxc5 Nxa2 18. Qxa2 18...
Qc7 $4 $18 (18... Re8 $142 {geht wohl noch} 19. Rxe8+ 19... Qxe8 $16) 19. Bh6 {
Droht entscheidend Qb2} 19... Qxc5 (19... d5 {
bietet noch letzte Rettungschancen} 20. Bxf8 20... Bf5 $18) 20. Qb2 {
Droht Matt: Qg7} (20. Bxf8 $6 {waere ein Fehlgriff} 20... Qxf8 21. Ne5 d5 22.
Qxd5 22... Be6 $16) 20... f6 21. Bb3+ (21. Re8 $1 $142 {
machte sofort alles klar} 21... Kf7 (21... Rxe8 $4 22. Qxf6 Qf8 23. Bxf8 Rxf8
24. Bb3+ d5 25. Bxd5+ Be6 26. Bxe6+ Rf7 27. Qxf7+ Kh8 28. Qf6#) 22. Rxf8+ Qxf8
23. Bxf8 Kxf8 24. Qxf6+ 24... Ke8 $18) 21... d5 22. Bxf8 {Es droht Matt} 22...
Qc6 (22... Qxf8 {macht keinen grossen Unterschied} 23. Bxd5+ Kg7 24. Bxa8 $18)
23. Bh6 {Droht Matt} 23... Bb7 24. Re7 Rf8 25. Ng5 {Mit der Mattdrohung Rg7}
25... Ba8 (25... Qd6 {waere gleichermassen fruchtlos} 26. Rxb7 Qc6 27. Rg7+ Kh8
28. Qc2 fxg5 29. Rf7 Qd6 30. Qb2+ d4 31. Qxd4+ Qxd4 32. Rxf8#) 26. Rg7+ Kh8 27.
Rxh7+ $18 (27. Nf7+ Rxf7 28. Rxf7 Qd6 29. Qxf6+ Qxf6 30. Rxf6 a5 31. Rf8#)
27... Kg8 28. Bxf8 {Droht Matt} 28... Qe6 (28... Qc1+ {aendert nichts mehr} 29.
Qxc1 Bc6 30. Rg7+ Kxf8 31. Ne6+ Ke8 32. Qxc6#) 29. Nxe6 d4 30. Rg7+ (30. Qc2 f5
31. Qc7 Bxg2 32. Qg7#) 30... Kh8 31. Qxd4 Be4 (31... g5 {
aendert nichts am Ausgang der Partie} 32. Nxg5 fxg5 33. Re7#) 32. Qxf6 (32.
Qxe4 a5 33. Qh4#) 32... g5 (32... Bf3 {holt die Kuh nicht vom Eis} 33. Re7+ Kg8
34. Qg7#) 1-0

[Event "ICS rated blitz match"]
[Site "204.178.125.65"]
[Date "1999.08.17"]
[Round "?"]
[White "Hossa"]
[Black "matar"]
[Result "1-0"]
[WhiteElo "2388"]
[BlackElo "2203"]
[Annotator "Fritz 5.32 (15s)"]
[PlyCount "53"]
[EventDate "1999.??.??"]

1. e4 1... c5 {Opening = 5.Bd3 Nf6} 2. Nf3 e6 3. d4 cxd4 4. Nxd4 a6 5. Bd3 Nf6
6. O-O Qc7 7. Bg5 (7. b3 d6 8. Bb2 Nbd7 9. c4 g6 10. Nc3 Bg7 11. Qe2 O-O 12.
Rad1 b6 13. Bb1 Bb7 14. Kh1 Rfe8 15. f4 e5 16. fxe5 Nxe5 17. Rde1 b5 18. cxb5
d5 19. Rxf6 Bxf6 20. bxa6 Bxa6 21. Nxd5 21... Qd6 {
Short,N-Sax,G/Amsterdam 1983/MCD/0-1 (41)}) 7... Be7 8. Nc3 (8. f4 Qb6 9. Bc4
Nc6 10. c3 Nxe4 11. Bxe7 Nxe7 12. Bd3 Nf6 13. Kh1 Qxb2 14. Nb3 Ned5 15. Qf3 Ng4
16. h3 h5 17. Kg1 Nxc3 18. Nxc3 Qxc3 19. Rac1 Qf6 20. hxg4 hxg4 21. Qxg4 b5 22.
Qf3 Rb8 23. Rc7 Rh4 24. g3 Rh6 25. Rfc1 Kd8 26. Qe3 Rh3 27. Be4 d5 28. Bg2 Rh5
29. Qc5 {1-0 Rohacek,M-Hudec,J/Bratislava 1996/EXT 98 (29)}) 8... b5 $146 (8...
b6 9. Qe1 Qc5 10. Nf3 h6 11. Be3 Qc7 12. h3 Nc6 13. a3 Bb7 14. Rd1 b5 15. Qd2
h5 16. Bf4 d6 17. Bxb5 axb5 18. Nxb5 Qa5 19. Nxd6+ Bxd6 20. Qxa5 Nxa5 21. Bxd6
Nxe4 22. Bc7 Nc4 23. Rd4 {Bitter,L-Mohtaji,J/Paris 1993/EXT 97/1-0 (48)}) (8...
O-O 9. Qe2 d6 10. Kh1 Nc6 11. Nxc6 bxc6 12. e5 dxe5 13. Bxf6 Bxf6 14. Ne4 Be7
15. Qh5 g6 16. Qh6 f5 17. Ng5 Bf6 18. Bc4 Qe7 19. h4 Rd8 20. Rad1 Rd4 21. Rxd4
Bxg5 22. hxg5 exd4 23. f4 {Todorov,M-Petrault,F/Paris 1993/EXT 97/ - (47)}) 9.
Qd2 9... Bb7 {Schwarz muss dringend die Entwicklung vorantreiben.} 10. a4 b4
11. Nce2 Nc6 12. Nxc6 12... Qxc6 {Wird e4 fallen?} (12... Bxc6 13. c3 $11) 13.
Bxf6 gxf6 14. Nd4 Qb6 15. Nf3 15... Rg8 $14 (15... d5 16. Qe2 $11) 16. Qh6 f5
17. Qxh7 {Weiss fuehrt die Partie kraftvoll zu Ende} 17... O-O-O {
Schwarz kennt keine Furcht.} 18. Qxf7 $15 (18. Rfe1 $5 $11 $142 {
ist vielleicht staerker}) 18... fxe4 19. Qxe7 19... exf3 $4 $14 {
danach wendet sich das Blatt} (19... exd3 $142 {
und Schwarz bekommt die Oberhand} 20. Ng5 20... Rde8 $19) 20. g3 20... Qd4 $16
(20... Rde8 $5 21. Qf6 21... Rgf8 $14) 21. Rad1 21... Rg7 $2 $18 (21... Qg4
$142 22. Rfe1 22... Rh8 $16) 22. Bxa6 $1 {
nicht am Material kleben ist die Devise} 22... Qg4 (22... Qxf2+ 23. Rxf2 Rxe7
24. Bxb7+ Kxb7 25. Rxf3 25... Rc8 $18) 23. Qc5+ Kb8 24. Qb6 (24. Qd6+ $5 {
gibt noch groesseren Vorteil} 24... Ka7 25. Bxb7 25... Kxb7 $18) 24... d5 {
Es droht Matt} 25. Bxb7 Rdd7 (25... Rxb7 {haette noch versucht werden koennen}
26. Qxd8+ 26... Ka7 $18) 26. Bxd5+ $1 {die Entscheidung.} 26... Rb7 (26... Kc8
{aendert den traurigen Lauf der Dinge nicht} 27. Bb7+ $1 {ein boeses Schach}
27... Kb8 28. Bc6+ Kc8 29. Bxd7+ Rxd7 30. Qc6+ Kb8 31. Rxd7 Qxg3+ 32. hxg3 b3
33. Qb7#) 27. Bxb7 (27. Bxb7 Qxg3+ 28. hxg3 Rxg3+ 29. fxg3 f2+ 30. Kxf2 b3 31.
Rd8#) 1-0

[Event "ICS rated blitz match"]
[Site "204.178.125.65"]
[Date "1999.08.17"]
[Round "?"]
[White "matar"]
[Black "Hossa"]
[Result "1-0"]
[WhiteElo "2195"]
[BlackElo "2396"]
[Annotator "Fritz 5.32 (15s)"]
[PlyCount "63"]
[EventDate "1999.??.??"]

1. e4 1... e5 {Opening = C70 - 4.Ba4 ---} 2. Nf3 Nc6 3. Bb5 a6 4. Ba4 b5 5. Bb3
Bc5 6. c3 Nf6 (6... Bb6 7. d4 exd4 8. cxd4 h6 9. a4 b4 10. a5 Ba7 11. d5 Nce7
12. e5 d6 13. O-O Ng6 14. e6 N8e7 15. exf7+ Kxf7 16. Nd4 Bxd4 17. Qxd4 Rb8 18.
Ra4 Nf5 19. Qd2 Qf6 20. Rxb4 Rxb4 21. Qxb4 Nd4 22. Bd1 Nh4 23. Qc3 Re8 24. Bh5+
g6 25. Bd1 Nb5 26. Qxf6+ Kxf6 27. g3 Nf5 28. Nc3 28... Bd7 {
- Rantanen,Y-Khaled,F/Novi Sad 1990/TD (28)}) 7. d4 exd4 8. cxd4 (8. e5 dxc3 9.
exf6 Qxf6 10. Nxc3 O-O 11. O-O d6 12. Ne4 Qg6 13. Nxc5 dxc5 14. Bc2 Qh5 15. Be4
Bb7 16. Qc2 Rfe8 17. Qb1 Rad8 18. Be3 g6 19. Ng5 h6 20. Bf3 Qh4 21. g3 Qc4 22.
Ne4 Kg7 23. Rc1 Qd3 24. Qxd3 Rxd3 25. Nxc5 Rdxe3 26. fxe3 Rxe3 27. Nxb7 Nd4 28.
Bg2 Ne2+ 29. Kf2 Nxc1 30. Kxe3 {1-0 Pavlovic,Z-Smole,T/Kranj 1996/EXT 98 (30)})
8... Bb4+ 9. Nc3 $15 (9. Bd2 $5 {ist zu ueberlegen} 9... Nxe4 10. Bxb4 Nxb4 11.
Bxf7+ Kxf7 12. Qb3+ d5 13. Qxb4 $11) 9... Nxe4 10. O-O {
Nun geraet Schwarz unter starken Druck.} 10... Bxc3 11. bxc3 {Ueberdeckt b4}
11... O-O 12. Re1 12... Nxc3 $4 $18 {vergibt den Vorteil} (12... d5 $15 $142 {
war der einzige Versuch}) 13. Qd3 Nxa2 14. Bc2 $4 $14 {
gibt den Vorteil aus der Hand} (14. Bg5 $142 {mit klarem Vorteil fuer Weiss}
14... Nab4 15. Qc3 $18) 14... g6 15. Rxa2 Nb4 16. Qb3 c5 (16... Nxa2 $2 {
wird widerlegt durch} 17. Bg5 $1 {Boing!} 17... Nc1 18. Rxc1 $18) 17. dxc5 Nxa2
18. Qxa2 18... Qc7 $4 $18 (18... Re8 $142 {bringt noch Rettung} 19. Rxe8+ 19...
Qxe8 $16) 19. Bh6 {Droht entscheidend Qb2} 19... Qxc5 (19... d5 {
lenkt den Gegner vielleicht noch ab} 20. Bxf8 20... Bf5 $18) 20. Qb2 {
Droht Matt} (20. Bxf8 $6 {kommt nicht in Frage} 20... Qxf8 21. Ne5 d5 22. Qxd5
22... Be6 $16) 20... f6 21. Bb3+ (21. Re8 $1 $142 {und Weiss gewinnt} 21... Kf7
(21... Rxe8 $4 22. Qxf6 Qf8 23. Bxf8 Rxf8 24. Bb3+ d5 25. Bxd5+ Be6 26. Bxe6+
Rf7 27. Qxf7+ Kh8 28. Qf6#) 22. Rxf8+ Qxf8 23. Bxf8 Kxf8 24. Qxf6+ 24... Ke8
$18) 21... d5 22. Bxf8 {Es droht Matt} 22... Qc6 (22... Qxf8 {
aendert nichts mehr} 23. Bxd5+ Kg7 24. Bxa8 $18) 23. Bh6 {Droht Matt: Bxd5}
23... Bb7 24. Re7 Rf8 25. Ng5 {Droht Matt} 25... Ba8 (25... Qd6 {
hilft allerdings auch nicht} 26. Rxb7 Qc6 27. Rg7+ Kh8 28. Qc2 fxg5 29. Rf7 Qd6
30. Qb2+ d4 31. Qxd4+ Qxd4 32. Rxf8#) 26. Rg7+ Kh8 27. Rxh7+ $18 (27. Nf7+ Rxf7
28. Rxf7 Qd6 29. Qxf6+ Qxf6 30. Rxf6 a5 31. Rf8#) 27... Kg8 28. Bxf8 {
Mit der Mattdrohung Bxd5} 28... Qe6 (28... Qc1+ {hilft auch nicht mehr} 29.
Qxc1 Bc6 30. Rg7+ Kxf8 31. Ne6+ Ke8 32. Qxc6#) 29. Nxe6 d4 30. Rg7+ (30. Qc2 f5
31. Qc7 Bxg2 32. Qg7#) 30... Kh8 31. Qc1 (31. Nd8 Bd5 32. Bxd5 a5 33. Nf7#)
31... Bb7 (31... g5 {kann das Vorangegangene nicht ungeschehen machen} 32. Qc8
Bc6 33. Bd6+ Be8 34. Qxe8#) 32. Qh6# 1-0

[Event "ICS rated blitz match"]
[Site "204.178.125.65"]
[Date "1999.08.17"]
[Round "?"]
[White "Hossa"]
[Black "matar"]
[Result "1-0"]
[WhiteElo "2372"]
[BlackElo "2219"]
[Annotator "Fritz 5.32 (15s)"]
[PlyCount "55"]
[EventDate "1999.??.??"]

1. e4 1... c5 {Opening = 5.Bd3 Nf6} 2. Nf3 e6 3. d4 cxd4 4. Nxd4 a6 5. Bd3 Nf6
6. O-O Qc7 7. Bg5 (7. b3 d6 8. Bb2 Nbd7 9. c4 g6 10. Nc3 Bg7 11. Qe2 O-O 12.
Rad1 b6 13. Bb1 Bb7 14. Kh1 Rfe8 15. f4 e5 16. fxe5 Nxe5 17. Rde1 b5 18. cxb5
d5 19. Rxf6 Bxf6 20. bxa6 Bxa6 21. Nxd5 Qd6 22. Nb5 Bxb5 23. Nxf6+ Qxf6 24.
Qxb5 Qf2 25. Bc3 Ng4 26. Qg5 Rac8 27. Bb4 Qd4 28. Qxg4 Qxb4 29. Rf1 Qd2 30. Qf3
Re7 31. h4 Rc3 32. Qf6 Rd7 33. Kh2 Rc1 34. Bd3 Rxf1 35. Bxf1 Qe1 36. Qf4 Re7
37. Bd3 h5 38. Qg5 Rd7 39. Bb5 Rd1 40. Qf4 Qg1+ 41. Kh3 41... Re1 {
0-1 Short,N-Sax,G/Amsterdam 1983/MCD (41)}) 7... Be7 8. Nc3 (8. f4 Qb6 9. Bc4
Nc6 10. c3 Nxe4 11. Bxe7 Nxe7 12. Bd3 Nf6 13. Kh1 Qxb2 14. Nb3 Ned5 15. Qf3 Ng4
16. h3 h5 17. Kg1 Nxc3 18. Nxc3 Qxc3 19. Rac1 Qf6 20. hxg4 hxg4 21. Qxg4 b5 22.
Qf3 Rb8 23. Rc7 Rh4 24. g3 Rh6 25. Rfc1 Kd8 26. Qe3 Rh3 27. Be4 d5 28. Bg2 Rh5
29. Qc5 {1-0 Rohacek,M-Hudec,J/Bratislava 1996/EXT 98 (29)}) 8... b5 $146 (8...
b6 9. Qe1 Qc5 10. Nf3 h6 11. Be3 Qc7 12. h3 Nc6 13. a3 Bb7 14. Rd1 b5 15. Qd2
h5 16. Bf4 d6 17. Bxb5 axb5 18. Nxb5 Qa5 19. Nxd6+ Bxd6 20. Qxa5 Nxa5 21. Bxd6
Nxe4 22. Bc7 Nc4 23. Rd4 Bd5 24. Re1 Nf6 25. Be5 Kf8 26. Rf4 Rh6 27. Bc3 Ne4
28. Rfxe4 Bxe4 29. Rxe4 Rc8 30. Nd4 Kg8 31. Nb5 Rc6 32. Rd4 Rg6 33. Kf1 Kh7 34.
a4 Rg5 35. Rd7 Kg6 36. Rd8 Nb6 37. Nd4 Rc4 38. a5 Nd5 39. Nf3 Rf5 40. Ne5+ Rxe5
41. Bxe5 Rxc2 42. Rb8 f6 43. Bd6 Rc6 44. Bf8 Kf7 45. b4 Rc2 46. Bc5 Nc3 47. Kg1
g5 48. a6 48... Ra2 {1-0 Bitter,L-Mohtaji,J/Paris 1993/EXT 97 (48)}) (8... O-O
9. Qe2 d6 10. Kh1 Nc6 11. Nxc6 bxc6 12. e5 dxe5 13. Bxf6 Bxf6 14. Ne4 Be7 15.
Qh5 g6 16. Qh6 f5 17. Ng5 Bf6 18. Bc4 Qe7 19. h4 Rd8 20. Rad1 Rd4 21. Rxd4 Bxg5
22. hxg5 exd4 23. f4 c5 24. Re1 Rb8 25. b3 Rb6 26. Qh3 Bb7 27. Re5 Be4 28. Kg1
Bxc2 29. Qf3 Be4 30. Rxe4 fxe4 31. Qxe4 Rd6 32. f5 gxf5 33. Qxf5 d3 34. g6 d2
35. gxh7+ Kh8 36. Qe5+ Kxh7 37. Qe4+ Kg7 38. Qe5+ Qf6 39. Qg3+ Kf7 40. Qxd6
Qa1+ 41. Kh2 d1=Q 42. Qxe6+ Kg7 43. Qe7+ Kg6 44. Qe4+ Kg5 45. Qe3+ Kf5 46. g4+
Kg6 47. Qe4+ {- Todorov,M-Petrault,F/Paris 1993/EXT 97 (47)}) 9. Qd2 9... Bb7 {
Schwarz hat Entwicklungsnachteil.} 10. a4 b4 11. Nce2 Nc6 12. Nxc6 12... Qxc6 {
Im Brennpunkt: e4} (12... Bxc6 13. c3 $11) 13. Bxf6 gxf6 14. Nd4 Qb6 15. Nf3
15... Rg8 $14 (15... d5 16. Qe2 $11) 16. Qh6 f5 17. Qxh7 {
Weiss entwickelt eine toedliche Initiative} 17... O-O-O {Sieht riskant aus} 18.
Qxf7 $15 (18. Rfe1 $5 $11 $142 {ist bedenkenswert}) 18... fxe4 19. Qxe7 19...
exf3 $4 $14 {vergibt den Vorteil} (19... exd3 $142 {
nun kommt Schwarz in Vorteil} 20. Ng5 20... Rde8 $19) 20. g3 20... Rg4 $16 (
20... Rde8 $5 {steht zur Diskussion} 21. Qf6 21... Rgf8 $14) 21. Rfd1 Rdg8 (
21... Rh8 22. Bf1 Qc7 23. c3 bxc3 24. Rdc1 $18) 22. a5 Qc7 23. Ra4 23... Rxg3+
$2 $18 (23... Kb8 $16 $142) 24. hxg3 Rxg3+ 25. Kf1 $1 {ist die Ueberraschung!}
(25. fxg3 Qxg3+ 26. Kf1 Qg2+ 27. Ke1 f2+ 28. Kd2 f1=Q+ 29. Kc1 Qxd1+ 30. Kxd1
Bf3+ 31. Ke1 Qg1+ 32. Kd2 Qf2+ 33. Be2 Qxe2+ 34. Kc1 Qd1#) 25... Rh3 {
Es droht Matt} 26. Qe8+ Qd8 27. Qxd8+ Kxd8 28. Ke1 (28. Ke1 Rh4 29. c3 Rh1+ 30.
Kd2 bxc3+ 31. bxc3 $18) 1-0

[Event "ICS Rated blitz match"]
[Site "204.178.125.65"]
[Date "1999.08.17"]
[Round "?"]
[White "matar"]
[Black "Hossa"]
[Result "1-0"]
[WhiteElo "2206"]
[BlackElo "2381"]
[Annotator "Fritz 5.32 (15s)"]
[PlyCount "64"]
[EventDate "1999.??.??"]

1. e4 1... e5 {Opening = C70 - 4.Ba4 ---} 2. Nf3 Nc6 3. Bb5 a6 4. Ba4 b5 5. Bb3
Bc5 6. c3 Nf6 (6... Bb6 7. d4 exd4 8. cxd4 h6 9. a4 b4 10. a5 Ba7 11. d5 Nce7
12. e5 d6 13. O-O Ng6 14. e6 N8e7 15. exf7+ Kxf7 16. Nd4 Bxd4 17. Qxd4 Rb8 18.
Ra4 Nf5 19. Qd2 Qf6 20. Rxb4 Rxb4 21. Qxb4 Nd4 22. Bd1 Nh4 23. Qc3 Re8 24. Bh5+
g6 25. Bd1 Nb5 26. Qxf6+ Kxf6 27. g3 Nf5 28. Nc3 28... Bd7 {
- Rantanen,Y-Khaled,F/Novi Sad 1990/TD (28)}) 7. d4 exd4 8. cxd4 (8. e5 dxc3 9.
exf6 Qxf6 10. Nxc3 O-O 11. O-O d6 12. Ne4 Qg6 13. Nxc5 dxc5 14. Bc2 Qh5 15. Be4
Bb7 16. Qc2 Rfe8 17. Qb1 Rad8 18. Be3 g6 19. Ng5 h6 20. Bf3 Qh4 21. g3 Qc4 22.
Ne4 Kg7 23. Rc1 Qd3 24. Qxd3 Rxd3 25. Nxc5 Rdxe3 26. fxe3 Rxe3 27. Nxb7 Nd4 28.
Bg2 Ne2+ 29. Kf2 Nxc1 30. Kxe3 {1-0 Pavlovic,Z-Smole,T/Kranj 1996/EXT 98 (30)})
8... Bb4+ 9. Nc3 $15 (9. Bd2 $5 {muss erwogen werden} 9... Nxe4 10. Bxb4 Nxb4
11. Bxf7+ Kxf7 12. Qb3+ d5 13. Qxb4 $11) 9... Nxe4 10. O-O Bxc3 11. bxc3 {
Befestigt b4} 11... O-O 12. Re1 12... Nxc3 $4 $18 {wirft den Vorteil weg} (
12... d5 $15 $142 {ist gerade noch spielbar}) 13. Qd3 Nxa2 14. Bc2 $4 $14 {
danach kann Weiss alle Traeume begraben} (14. Bg5 $142 {
mit klarem Vorteil fuer Weiss} 14... Nab4 15. Qc3 $18) 14... g6 15. Rxa2 Nb4
16. Qb3 c5 (16... Nxa2 $2 {geht nicht} 17. Bg5 $1 {nun ist alles klar} 17...
Nc1 18. Rxc1 $18) 17. dxc5 {Weiss haelt das Heft fest in der Hand} 17... Nxa2
18. Qxa2 18... Qc7 $4 $18 (18... Re8 $142 {war der letzte Versuch} 19. Rxe8+
19... Qxe8 $16) 19. Bh6 {Weiss droht stark Qb2} 19... Qxc5 (19... d5 {
ist der letzte Rettungsanker} 20. Bxf8 20... Bf5 $18) 20. Qb2 {
Mit der Mattdrohung Qg7} (20. Bxf8 $6 {waere ein Fehlgriff} 20... Qxf8 21. Ne5
d5 22. Qxd5 22... Be6 $16) 20... f6 21. Bb3+ (21. Re8 $1 $142 {
ist der schnellste Weg} 21... Kf7 (21... Rxe8 $4 22. Qxf6 Qf8 23. Bxf8 Rxf8 24.
Bb3+ d5 25. Bxd5+ Be6 26. Bxe6+ Rf7 27. Qxf7+ Kh8 28. Qf6#) 22. Rxf8+ Qxf8 23.
Bxf8 Kxf8 24. Qxf6+ 24... Ke8 $18) 21... d5 22. Bxf8 {Droht Matt: Qxf6} 22...
Qc6 (22... Qxf8 {waere gleichermassen fruchtlos} 23. Bxd5+ Kg7 24. Bxa8 $18)
23. Bh6 {Es droht Matt} 23... Bb7 24. Re7 Rf8 25. Ng5 {Droht Matt} 25... Qd6
26. Rg7+ (26. Rxb7 Qc6 27. Rg7+ Kh8 28. Qc2 fxg5 29. Rf7 Qd6 30. Qb2+ d4 31.
Qxd4+ Qxd4 32. Rxf8#) 26... Kh8 27. Rxb7 $1 {
entscheidend. Mit der Mattdrohung Qc2} 27... Kg8 (27... Qc6 {
macht keinen grossen Unterschied} 28. Bxf8 Kg8 29. Bh6 Qxb7 30. Qxf6 Qf7 31.
Qxf7+ Kh8 32. Qxh7#) 28. Rg7+ $18 (28. Qd4 Ra8 29. Bxd5+ Qxd5 30. Qxd5+ Kh8 31.
Rxh7#) 28... Kh8 29. Rxh7+ $18 (29. Qd4 Qe6 30. Rxh7+ Kg8 31. Bxd5 Re8 32. Qxf6
Qxd5 33. Qxg6#) 29... Kg8 30. Bxf8 (30. Qd4 Rf7 31. Bxd5 Qc7 32. Bxf7+ Qxf7 33.
Qd8+ Qe8 34. Qxe8#) 30... Qf4 (30... Qe6 {aendert nichts am Ausgang der Partie}
31. Nxe6 d4 32. Rg7+ Kh8 33. Nf4 a5 34. Nxg6#) 31. Bxd5+ Kxf8 32. Ne6+ (32. Qc3
Qxf2+ 33. Kxf2 fxg5 34. Qc8#) 32... Kg8 1-0